[Event "Plzen op-C U18"]
[Site "Plzen"]
[Date "1998.??.??"]
[Round "3"]
[White "Jenc, Milan"]
[Black "Tsimafeyevas, S."]
[Result "1-0"]
[WhiteElo "1845"]
[BlackElo "2015"]
[PlyCount "77"]
[EventDate "1998.08.??"]
[EventType "swiss"]
[EventRounds "9"]
[EventCountry "CZE"]
[SourceTitle "EXT 2000"]
[Source "ChessBase"]
[SourceDate "1999.11.16"]
[SourceVersion "1"]
[SourceVersionDate "1999.11.16"]
[SourceQuality "1"]

1. e4 d5 2. exd5 Nf6 3. d4 Nxd5 4. c4 Nb6 5. Nf3 g6 6. Nc3 Bg7 7. Bf4 0-0 8. Be2 Bg4 9. 0-0 Nc6 10. d5 Bxf3 11. Bxf3 Nd4 12. c5 Nc4 13. b3 Na3 14. Rc1 Qd7 15. c6 bxc6 16. dxc6 Qf5 17. Nd5 Rfe8 18. g4 Qc8 19. Nxc7 e5 20. Nxe8 Qxe8 21. Be3 Nab5 22. Bg2 Rc8 23. a4 Nc7 24. Re1 Nce6 25. Rc4 Qd8 26. b4 f5 27. gxf5 gxf5 28. Qh5 e4 29. b5 Qd5 30. Rcc1 Be5 31. Bxd4 Nxd4 32. Kh1 Kh8 33. Re3 Qe6 34. Rh3 Qe7 35. Rc5 Rc7 36. Rd5 Bf6 37. Qh6 Qf7 38. Rd6 Be7 39. Rxd4 1-0